Chief Aircraft /

Bibliographic Details
Format: Serial
Language:English
Published: Grants Pass, Oregon : Chief Aircraft Inc
Subjects:

MARC

Tag First Indicator Second Indicator Subfields
LEADER 00000cas a2200000 i 4500
001 in00004007204
005 20181024083931.0
008 180809c19uu9999oruuu cc 0 0eng c
010 |a  2018263161 
035 |a (OCoLC)on1048259589 
035 |a (OCoLC)1048259589 
037 |b 1301 Brookside Blvd, Grants Pass, OR, 97526 
040 |a TXA  |b eng  |e rda  |c TXA  |d UtOrBLW 
042 |a pcc 
049 |a TXAM 
050 1 4 |a TL514  |b .C45 
110 2 |a Chief Aircraft Inc.,  |e issuing body.  |0 http://id.loc.gov/authorities/names/no2018106029 
245 1 0 |a Chief Aircraft /  |c Chief Aircract Inc. 
246 3 |a Chief avionics 
264 1 |a Grants Pass, Oregon :  |b Chief Aircraft Inc 
300 |a volumes :  |b illustrations ;  |c 28 cm 
336 |a text  |b txt  |2 rdacontent 
337 |a unmediated  |b n  |2 rdamedia 
338 |a volume  |b nc  |2 rdacarrier 
500 |a The Cushing Library/Ragan Military copy is a gift of Ann, Fred, and Tracie Burns for the Major Curtis Burns '52 Aviation Collection. 
588 |a Description based on: Vol. 8 (1998); title from cover. 
588 |a Latest issue consulted: Vol. 8 (1998). 
650 0 |a Aeronautics  |x Equipment and supplies  |v Catalogs. 
610 2 0 |a Chief Aircraft Inc.  |v Catalogs. 
655 7 |a Catalogs.  |2 lcgft  |0 http://id.loc.gov/authorities/genreForms/gf2014026057 
655 7 |a Periodicals.  |2 lcgft  |0 http://id.loc.gov/authorities/genreForms/gf2014026139 
948 |a cataloged  |b h  |c 2018/8/9  |d o  |e jolivare  |f 1:41:09 pm  |a original cataloging CONSER 
994 |a C0  |b TXA 
999 f f |s 75c1e26d-5c11-38e9-a563-4be130b7b41a  |i a34f1e47-03fa-3a64-890d-df3a0fb74d73  |t 0 
952 f f |p noncirc  |a Texas A&M University  |b College Station  |c Cushing Memorial Library & Archives  |d Cushing: Ragan Military (Does not check out)  |t 0  |e TL514 .C45  |h Library of Congress classification  |i unmediated -- volume 
998 f f |a TL514 .C45  |s v.8 (1998)  |t 0  |l Cushing: Ragan Military (Does not check out)